| 000 | 00653nam a2200229 a 4500 | ||
|---|---|---|---|
| 001 | 56443 | ||
| 003 | BD-RjUL | ||
| 005 | 20211209080409.0 | ||
| 008 | 161129r19621951enk b 001 0 eng | ||
| 035 | _a(BD-RjUL)56567 | ||
| 040 |
_aDLC _cDLC _dBD-RjUL _beng |
||
| 041 | _aeng | ||
| 082 | 0 | 0 |
_a823.09 _223 _bKEI 1962 |
| 100 |
_aKettle, Arnold. _9161620 |
||
| 245 | 1 | 3 |
_aAn introduction to the English novel / _cArnold Kettle |
| 250 | _aGrey arrow ed. | ||
| 260 |
_aLondon : _bArrow books ltd., _c1962 [impression 1961]. |
||
| 300 |
_av. _c20 cm. |
||
| 505 | 1 | _av. 1-- | |
| 650 | 0 |
_aEnglish fiction _xHistory and criticism. _9161337 |
|
| 942 |
_2ddc _cBK |
||
| 999 |
_c56443 _d56443 |
||